000 00404nam a2200157Ia 4500
008 230711s9999||||xx |||||||||||||| ||und||
041 _aENG
082 _a624
_bBU-I
100 _aBureau of Indian Standard
245 0 _aIS : 2720 Pt V
_bMethod of test soils :Pt V
250 _a2nd
260 _c1985
_aNew Delhi
_bBureau of Indian Standard
300 _a15
650 _aCivil Engineering
942 _cBK
999 _c7876
_d7876